Normal view
MARC view
- Dr. Sameer Qazi.
Entry Personal Name
001 - CONTROL NUMBER
- control field: 29756
003 - CONTROL NUMBER IDENTIFIER
- control field: NUST
005 - DATE AND TIME OF LATEST TRANSACTION
- control field: 20200902153134.0
008 - FIXED-LENGTH DATA ELEMENTS
- fixed length control field: 200902|| aca||aabn | a|a d
040 ## - CATALOGING SOURCE
- Original cataloging agency: NUST
- Transcribing agency: NUST
100 ## - HEADING--PERSONAL NAME
- Personal name: Dr. Sameer Qazi.
670 ## - SOURCE DATA FOUND
- Source citation: Work cat.: (NUST): Ahmed, Abbirah 29755, ENERGY AWARE QOS ROUTING PROTOCOL FOR CLUSTER BASED MOBILE WIRELESS SENSOR NETWORK /, 2013.
